000 00313 a2200109 4500
001 ART_25934
005 20260410161603.0
008 260409a
245 1 0 _aEstado de flujo de efectivo
100 1 _aPetti, Ana María
773 0 _tProfesional & Empresaria
_g- Año V, Nº 55 (abr. 2004)
_wREV70
999 _c9889
_d9889